[Event "GBR-ch Major 106th"]
[Site "Torquay"]
[Date "2019.08.02"]
[Round "7"]
[White "Kirupakaran, Vishnu"]
[Black "Paulden, Tim"]
[Result "1-0"]
[WhiteElo "1771"]
[BlackElo "1902"]
[PlyCount "83"]
[EventDate "2019.07.27"]
[EventType "swiss"]
[EventRounds "9"]
[EventCountry "ENG"]
[SourceTitle "EXT 2020"]
[Source "ChessBase"]
[SourceDate "2019.10.17"]
[SourceVersion "1"]
[SourceVersionDate "2019.10.17"]
[SourceQuality "1"]

1. e4 g6 2. d4 Bg7 3. Nf3 d6 4. Bc4 e6 5. 0-0 a6 6. c3 Ne7 7. Nbd2 h6 8. Re1 Nd7 9. Bb3 b6 10. Nf1 Bb7 11. Ng3 Qb8 12. h4 Qa7 13. a4 a5 14. Be3 d5 15. e5 c6 16. h5 Nf8 17. c4 Nf5 18. hxg6 fxg6 19. Nxf5 gxf5 20. cxd5 cxd5 21. Rc1 Rc8 22. Rxc8+ Bxc8 23. Qc2 Bd7 24. Rc1 Ng6 25. Qc7 Qxc7 26. Rxc7 Kd8 27. Rb7 Kc8 28. Rxb6 Kc7 29. Ra6 Rb8 30. Bxd5 exd5 31. Rxg6 Bf8 32. Bxh6 Bxh6 33. Rxh6 Bxa4 34. Ra6 Rb5 35. b4 Rxb4 36. Rxa5 Kc6 37. Rc5+ Kb7 38. Rxd5 Bc6 39. Rd6 Be4 40. e6 Kc7 41. Rd7+ Kc8 42. Ne5 1-0

[Event "GBR-ch Major 106th"]
[Site "Torquay"]
[Date "2019.07.31"]
[Round "5"]
[White "Sanitt, Ethan"]
[Black "Paulden, Tim"]
[Result "1/2-1/2"]
[WhiteElo "1752"]
[BlackElo "1902"]
[PlyCount "127"]
[EventDate "2019.07.27"]
[EventType "swiss"]
[EventRounds "9"]
[EventCountry "ENG"]
[SourceTitle "EXT 2020"]
[Source "ChessBase"]
[SourceDate "2019.10.17"]
[SourceVersion "1"]
[SourceVersionDate "2019.10.17"]
[SourceQuality "1"]

1. c4 Nf6 2. g3 c6 3. Bg2 d5 4. Nf3 Bf5 5. 0-0 e6 6. d3 Be7 7. h3 h6 8. Bf4 Nbd7 9. Nc3 g5 10. Bd2 Qb6 11. Qb3 Qxb3 12. axb3 Nc5 13. Nd4 Bh7 14. Na4 0-0 15. Nxc5 Bxc5 16. Nf3 Nd7 17. Bc3 f6 18. b4 Be7 19. Nd4 Kf7 20. b5 Rfc8 21. b3 Nb6 22. Bf3 Bg6 23. bxc6 bxc6 24. Ra6 e5 25. Nxc6 Rxc6 26. Rxb6 Rxb6 27. Bxd5+ Kf8 28. Bxa8 Rxb3 29. Rc1 a5 30. Bd5 a4 31. c5 Rb5 32. d4 a3 33. e4 exd4 34. Bxd4 a2 35. Bxa2 Bxe4 36. c6 Bf5 37. c7 Bc8 38. Bb1 Bd6 39. Be4 Rb4 40. Rd1 Kg7 41. Bxf6+ Kf7 42. Rxd6 Rxe4 43. g4 Re1+ 44. Kh2 Bb7 45. f3 Rc1 46. Bd8 Kg7 47. Rb6 Bc8 48. Bf6+ Kh7 49. Be5 Rc4 50. Kg3 Rc5 51. f4 h5 52. Rf6 gxf4+ 53. Bxf4 hxg4 54. hxg4 Kg7 55. Rb6 Rc3+ 56. Kf2 Rc2+ 57. Kf3 Rc3+ 58. Kf2 Rc2+ 59. Kg3 Rc3+ 60. Kh4 Rc4 61. Kg5 Rc5+ 62. Kh4 Rc4 63. Kg3 Rc3+ 64. Kf2 1/2-1/2

[Event "GBR-ch Major 106th"]
[Site "Torquay"]
[Date "2019.07.27"]
[Round "1"]
[White "Ethelontis, Alexandros N"]
[Black "Paulden, Tim"]
[Result "1-0"]
[WhiteElo "2154"]
[BlackElo "1902"]
[PlyCount "77"]
[EventDate "2019.07.27"]
[EventType "swiss"]
[EventRounds "9"]
[EventCountry "ENG"]
[SourceTitle "EXT 2020"]
[Source "ChessBase"]
[SourceDate "2019.10.17"]
[SourceVersion "1"]
[SourceVersionDate "2019.10.17"]
[SourceQuality "1"]

1. c4 e5 2. g3 d5 3. cxd5 Qxd5 4. Nf3 Nf6 5. Nc3 Qa5 6. Bg2 Nc6 7. d4 exd4 8. Nxd4 Nxd4 9. Qxd4 c6 10. 0-0 Be7 11. Rb1 0-0 12. Bf4 Rd8 13. Qe5 Qxe5 14. Bxe5 Be6 15. b4 Ng4 16. Bf4 g5 17. Bc1 Rd4 18. a3 Rad8 19. Bb2 Rd2 20. h3 Nf6 21. Rfe1 Bc4 22. Bf3 h6 23. Ba1 a6 24. Na4 Nd7 25. Bc3 Rc2 26. Rb2 Rxb2 27. Nxb2 Bb3 28. Nd3 Nb6 29. b5 Na4 30. Ba5 b6 31. Bb4 c5 32. bxa6 b5 33. Ba5 Rc8 34. a7 c4 35. Nb4 c3 36. a8Q Rxa8 37. Bxa8 Bf6 38. Bd5 Nc5 39. Bb6 1-0

[Event "Torquay op 52nd"]
[Site "Torquay"]
[Date "2018.11.11"]
[Round "5"]
[White "Brusey, Alan W"]
[Black "Paulden, Tim"]
[Result "1/2-1/2"]
[WhiteElo "2054"]
[BlackElo "1902"]
[PlyCount "64"]
[EventDate "2018.11.09"]
[EventType "swiss"]
[EventRounds "5"]
[EventCountry "ENG"]
[SourceTitle "EXT 2021"]
[Source "ChessBase"]
[SourceDate "2020.10.23"]
[SourceVersion "1"]
[SourceVersionDate "2020.10.23"]
[SourceQuality "1"]

1. e4 g6 2. d4 Bg7 3. Nc3 a6 4. Nf3 d6 5. Be3 Nd7 6. Be2 e6 7. 0-0 Ne7 8. Qd2 h6 9. Rfe1 b6 10. Rad1 Bb7 11. h3 Nf6 12. Bd3 b5 13. a3 Qd7 14. e5 Nfd5 15. Ne4 Nxe3 16. Rxe3 Nf5 17. Ree1 Bxe4 18. Bxe4 d5 19. Bd3 Qe7 20. Qa5 0-0 21. c3 Rfc8 22. b4 Qe8 23. Bxf5 gxf5 24. Nd2 Bf8 25. Nb3 Be7 26. Nc5 Ra7 27. a4 Rca8 28. Ra1 Qb8 29. Nd7 Qb7 30. Nc5 Qb8 31. Nd7 Qb7 32. Nc5 Qb8 1/2-1/2

[Event "Hampstead op U2200 04"]
[Site "Hampstead"]
[Date "2013.04.21"]
[Round "5"]
[White "Moss, Guy"]
[Black "Paulden, Tim"]
[Result "1/2-1/2"]
[WhiteElo "1975"]
[BlackElo "2066"]
[PlyCount "42"]
[EventDate "2013.04.20"]
[EventType "swiss"]
[EventRounds "5"]
[EventCountry "ENG"]
[SourceTitle "EXT 2014"]
[Source "ChessBase"]
[SourceDate "2013.11.20"]
[SourceVersion "1"]
[SourceVersionDate "2013.11.20"]
[SourceQuality "1"]

1. e4 g6 2. d4 Bg7 3. c4 d6 4. Nf3 e5 5. dxe5 dxe5 6. Qxd8+ Kxd8 7. Nc3 f6 8. Be3 Bd7 9. 0-0-0 Kc8 10. Be2 Bh6 11. Bxh6 Nxh6 12. h3 Re8 13. Rd2 Na6 14. Rhd1 Be6 15. Nd5 Ng8 16. Nc3 c6 17. a3 Nc5 18. Kc2 a5 19. b4 axb4 20. axb4 Nd7 21. c5 Ra3 1/2-1/2

[Event "Hampstead op U2200 04"]
[Site "Hampstead"]
[Date "2013.04.21"]
[Round "4"]
[White "Paulden, Tim"]
[Black "Jones, Steven"]
[Result "0-1"]
[WhiteElo "2066"]
[BlackElo "2025"]
[PlyCount "68"]
[EventDate "2013.04.20"]
[EventType "swiss"]
[EventRounds "5"]
[EventCountry "ENG"]
[SourceTitle "EXT 2014"]
[Source "ChessBase"]
[SourceDate "2013.11.20"]
[SourceVersion "1"]
[SourceVersionDate "2013.11.20"]
[SourceQuality "1"]

1. b3 e5 2. Bb2 Nc6 3. e3 d5 4. Bb5 Bd6 5. f4 Qh4+ 6. g3 Qe7 7. Nf3 f6 8. fxe5 fxe5 9. Bxc6+ bxc6 10. Nxe5 Nf6 11. d4 Bh3 12. Qe2 Bxe5 13. dxe5 Ng4 14. Nd2 0-0 15. 0-0-0 Nf2 16. Rde1 Nxh1 17. Rxh1 a5 18. a4 Be6 19. h3 Rf7 20. Nf3 Bc8 21. e4 Ba6 22. Qe3 Raf8 23. Nd2 Rf2 24. Kb1 Re2 25. Qa7 Rxd2 26. Qxa6 Qc5 27. Rc1 dxe4 28. Qb7 Qb6 29. Qxb6 cxb6 30. Re1 Rff2 31. Rxe4 Rxc2 32. Bd4 Rce2 33. Rxe2 Rxe2 34. Kc1 c5 0-1